Closer reading grades 3-6 better prep, smarter lessons, deeper comprehension

Saved in:
Bibliographic Details
Main Author: BOYLES, Nancy
Format: Book
Language:English
Published: CORWIN Press 2014
Tags: Add Tag
No Tags, Be the first to tag this record!

MARC

LEADER 00000nam a22000007a 4500
008 201221b ||||| |||| 00| 0 eng d
020 |a 978-1-4833-0445-8 
100 |a BOYLES, Nancy 
245 |a Closer reading grades 3-6  |b better prep, smarter lessons, deeper comprehension  |c Nancy Boyles  |g viii, 207p., ill. 
260 |b CORWIN Press  |c 2014  |h Thousand Oaks, California  |i 692469  |i 692470  |l LB1576 .B71  |m Language arts – Standards - United States  |m English language –Study and teaching – Standards – United 
500 |a “It includes bibliographical references and index”. 
942 |a lcc  |c BK  |e O.A.JOHNSON  |f 21/12./20 
952 |0 0  |1 0  |2 lcc  |4 0  |6 LB1576 B71  |7 0  |9 985  |a HOL  |b ART  |c LP  |d 2020-12-21  |l 0  |o LB1576 .B71  |p 2020-230210  |r 2020-12-21 00:00:00  |w 2020-12-21  |y BK 
952 |0 0  |1 0  |2 lcc  |4 0  |6 LB1576 B71  |7 0  |9 986  |a HOL  |b HOL  |c LP  |d 2020-12-21  |l 0  |o LB1576 .B71  |p 2020-230211  |r 2020-12-21 00:00:00  |w 2020-12-21  |y BK 
999 |c 507  |d 507